=LDR 00000nam 2200000 4500 =001 INLIS000000000011381 =005 20130612102942 =008 ***********************************Ind** =035 ##$$0010-061300000011381 =041 ##$$a Ind =082 ##$$a 959.815 11 =090 ##$$a 959.815 11, Tod m =100 ##$$a Toda Dami N =245 ##$$a Manggarai mencari pincerahan historografi, Dani N.Toda =260 ##$$b Cet 1 =300 ##$$a Ende, Nusa Indah, 1999 =650 ##$$a Indonesia- Sejarah Daerah =850 ##$$a NBPNMAT